000 00558nam a2200193Ii 4500
003 JO-AjNU
008 230605s9999||||xx |||||||||||||| ||und||
040 _aJO-AjNU
_bara
_erda
_cJO-AjNU
041 _aara
050 1 4 _aBJ1477.Y5888
100 3 _aأسعد،يوسف ميخائيل,
_eauthor
_918366
245 0 0 _aالتفاؤل والتشاؤم
264 3 1 _aد.م:د.ن،د.ت
300 _a341ص
336 _atext
_btxt
_2rdacontent
337 _aunmediated
_bn
_2rdamedia
338 _avolume
_bnc
_2rdacarrier
650 4 _aتفاؤل-تشاؤم
_918367
999 _aA5860
_c9428
_d9428